| 000 | 00551nam a22002057a 4500 | ||
|---|---|---|---|
| 001 | 00766 | ||
| 003 | KOHA_MİRAKIL | ||
| 005 | 20240914231537.0 | ||
| 008 | 240915b tu ||||| |||| 00| 0 tur d | ||
| 020 | _a9789750852855 | ||
| 040 |
_aTR-AnABB _btur _cTR-AnABB |
||
| 041 | _atur | ||
| 082 |
_a894.52 _bSZA 2023 |
||
| 100 | _aSzabo, Magda | ||
| 245 | 0 |
_aKatalın sokağı / _cMagda Szabo. |
|
| 260 |
_aİstanbul : _bYapı Kredi Yayınları, _c2023. |
||
| 300 |
_a202 sayfa ; _c21 cm. |
||
| 650 | _aMacar edebiyatı, roman | ||
| 942 |
_2ddc _cBK |
||
| 999 |
_c777 _d777 |
||